| 000 | 01006cam a2200241 4500 | ||
|---|---|---|---|
| 001 | ABS66734 | ||
| 008 | 030520n2003 000 0 eng u | ||
| 035 | _a(Sirsi) u122334 | ||
| 100 | _aPuckett, K. | ||
| 245 | _aMoney isn't everything | ||
| 260 | _c2003 | ||
| 490 |
_aHousing Today _v(326) 28 March 2003, 26-29(4) |
||
| 520 | _aReports on the Inbucon "2002/03 housing association salaries and benefits survey" showing that salaries are continuing to be pushed up by stiff private sector competition. The survey covered 93 associations and 8 551 jobs and found that perks and benefits are increasingly important to housing sector job seekers. Tables list median salaries, benefits and 2000-02 salary increases. | ||
| 590 | _aABS | ||
| 650 | _aSALARY SURVEYS | ||
| 650 | _aBENEFITS | ||
| 650 | _aREGISTERED SOCIAL LANDLORDS | ||
| 650 | _aHOUSING ASSOCIATIONS | ||
| 650 | _aPERKS | ||
| 650 | _aFRINGE BENEFITS | ||
| 690 | _aMANAGEMENT-BUSINESS MANAGEMENT-PROFESSIONAL PRACTICE | ||
| 942 | _n0 | ||
| 999 |
_c72700 _d72700 |
||